Normal view MARC view
  • David, Gordon B & Olton Margrethe H.

Entry Personal Name

Number of records used in: 1

001 - CONTROL NUMBER

  • control field: 1063

003 - CONTROL NUMBER IDENTIFIER

  • control field: OSt

005 - DATE AND TIME OF LATEST TRANSACTION

  • control field: 20160523125351.0

008 - FIXED-LENGTH DATA ELEMENTS

  • fixed length control field: 160523|| aca||aabn | a|a d

040 ## - CATALOGING SOURCE

  • Original cataloging agency: OSt
  • Transcribing agency: OSt

100 ## - HEADING--PERSONAL NAME

  • Personal name: David, Gordon B & Olton Margrethe H.

670 ## - SOURCE DATA FOUND

  • Source citation: Work cat.: (OSt): David, Gordon B & Olton Margrethe H., Management Information Systems, 2006